Cargando...

Ummachu (ഉമ്മാച്ചു) /

Detalles Bibliográficos
Autor Principal: Uroob (ഉറൂബ്)
Formato: Printed Book
Idioma:English
Publicado: Kottayam : D. C. Books, 2017.
Subjects:
LEADER 00611nam a22001817a 4500
003 Ost
005 20190128183722.0
008 180627b ||||| |||| 00| 0 eng d
999 |c 11379  |d 11379 
020 |a 9788171302307 
082 |a FM  |b URO/UMM 
100 |9 490  |a Uroob (ഉറൂബ്) 
245 |a Ummachu (ഉമ്മാച്ചു) /  |c Uroob.  
260 |a Kottayam :  |b D. C. Books,  |c 2017. 
300 |a 199 p. 
650 0 |9 469  |a Malayalam fiction 
942 |2 ddc  |c BK 
952 |0 0  |1 0  |2 ddc  |4 0  |6 FM_URO_UMM  |7 0  |8 FIC  |9 21997  |a NUALS  |b NUALS  |d 2018-06-29  |l 5  |o FM URO/UMM  |p 14463  |q 2020-03-11  |r 2020-03-04  |s 2020-03-04  |w 2018-06-29  |y BK